<?xml version="1.0" encoding="UTF-8"?><?xml-stylesheet type="text/xsl" href="static/style.xsl"?><OAI-PMH xmlns="http://www.openarchives.org/OAI/2.0/" xmlns:xsi="http://www.w3.org/2001/XMLSchema-instance" xsi:schemaLocation="http://www.openarchives.org/OAI/2.0/ http://www.openarchives.org/OAI/2.0/OAI-PMH.xsd"><responseDate>2026-04-13T15:10:43Z</responseDate><request verb="GetRecord" identifier="oai:www.recercat.cat:20.500.14342/799" metadataPrefix="marc">https://recercat.cat/oai/request</request><GetRecord><record><header><identifier>oai:recercat.cat:20.500.14342/799</identifier><datestamp>2025-05-15T19:19:31Z</datestamp><setSpec>com_2072_482405</setSpec><setSpec>com_2072_183628</setSpec><setSpec>col_2072_482409</setSpec></header><metadata><record xmlns="http://www.loc.gov/MARC21/slim" xmlns:dcterms="http://purl.org/dc/terms/" xmlns:xsi="http://www.w3.org/2001/XMLSchema-instance" xmlns:doc="http://www.lyncode.com/xoai" xsi:schemaLocation="http://www.loc.gov/MARC21/slim http://www.loc.gov/standards/marcxml/schema/MARC21slim.xsd">
   <leader>00925njm 22002777a 4500</leader>
   <datafield ind2=" " ind1=" " tag="042">
      <subfield code="a">dc</subfield>
   </datafield>
   <datafield ind2=" " ind1=" " tag="720">
      <subfield code="a">Rifà Ros, Rosa</subfield>
      <subfield code="e">author</subfield>
   </datafield>
   <datafield ind2=" " ind1=" " tag="720">
      <subfield code="a">Costa-Tutusaus, Lluís</subfield>
      <subfield code="e">author</subfield>
   </datafield>
   <datafield ind2=" " ind1=" " tag="720">
      <subfield code="a">Olivé Adrados, Cristina</subfield>
      <subfield code="e">author</subfield>
   </datafield>
   <datafield ind2=" " ind1=" " tag="720">
      <subfield code="a">Pallarès Martí, Àngela</subfield>
      <subfield code="e">author</subfield>
   </datafield>
   <datafield ind2=" " ind1=" " tag="720">
      <subfield code="a">Pérez Pérez, Isabel (Infermera)</subfield>
      <subfield code="e">author</subfield>
   </datafield>
   <datafield ind2=" " ind1=" " tag="720">
      <subfield code="a">Vila Gimeno, Carme</subfield>
      <subfield code="e">author</subfield>
   </datafield>
   <datafield ind2=" " ind1=" " tag="260">
      <subfield code="c">2006</subfield>
   </datafield>
   <datafield ind2=" " ind1=" " tag="520">
      <subfield code="a">Esta investigación quiere facilitar la aplicación de la metodología enfermera utilizando las taxonomías NANDA, NOC y NIC a una población inmigrante y se plantea los siguientes. Objetivos: - Identificar los diagnósticos NANDA más prevalentes, vinculados al proceso migratorio de la población inmigrante y sus familias. - Confeccionar e implementar planes de cuidados de enfermería adecuados a la población inmigrante y sus familias, utilizando las taxonomías NANDA, NOC y NIC - Evaluar la idoneidad y validez de los planes estandarizados confeccionados. Metodología: El proyecto se lleva a cabo en diversos Centros de Atención Primaria del Institut Català de la Salut (ICS) de Cataluña escogidas aleatoriamente. El estudio multicéntrico consta de cuatro fases: a) Primera fase descriptiva: detección de necesidades de la población inmigrante realizada por 60 enfermeras responsables de la recogida de datos. b) Segunda fase: elaboración de planes de cuidados estandarizados según los problemas detectados ,utilizando los lenguajes enfermeros. c) Tercera fase: Implementación de planes de cuidados estandarizados d) Cuarta fase: Medición y evaluación de resultados. Conclusiones: Presentamos elementos innovadores (triangulación metodológica) para abordar con poca evidencia científica enfermera. Hemos identificado 47 etiquetas diagnósticas que están siendo asociadas con los factores relacionados y características definitorias correspondientes.</subfield>
   </datafield>
   <datafield ind1="8" ind2=" " tag="024">
      <subfield code="a">http://hdl.handle.net/20.500.14342/799</subfield>
   </datafield>
   <datafield ind1="8" ind2=" " tag="024">
      <subfield code="a">https://dx.doi.org/10.14198/cuid.2006.20.13</subfield>
   </datafield>
   <datafield tag="653" ind2=" " ind1=" ">
      <subfield code="a">Infermeria transcultural</subfield>
   </datafield>
   <datafield tag="653" ind2=" " ind1=" ">
      <subfield code="a">Diagnòstic d'infermeria</subfield>
   </datafield>
   <datafield tag="653" ind2=" " ind1=" ">
      <subfield code="a">Immigrants--Assistència mèdica--Catalunya</subfield>
   </datafield>
   <datafield ind2="0" ind1="0" tag="245">
      <subfield code="a">Proyecto de mejora de la atención a la población inmigrante en la atención primaria de salud en Cataluña</subfield>
   </datafield>
</record></metadata></record></GetRecord></OAI-PMH>